<?xml version="1.0" encoding="UTF-8"?><?xml-stylesheet type="text/xsl" href="static/style.xsl"?><OAI-PMH xmlns="http://www.openarchives.org/OAI/2.0/" xmlns:xsi="http://www.w3.org/2001/XMLSchema-instance" xsi:schemaLocation="http://www.openarchives.org/OAI/2.0/ http://www.openarchives.org/OAI/2.0/OAI-PMH.xsd"><responseDate>2026-06-03T19:24:33Z</responseDate><request verb="GetRecord" identifier="oai:riuma.uma.es:10630/39300" metadataPrefix="marc">https://riuma.uma.es/rest/oai/request</request><GetRecord><record><header><identifier>oai:riuma.uma.es:10630/39300</identifier><datestamp>2026-02-03T11:31:39Z</datestamp><setSpec>com_10630_2254</setSpec><setSpec>col_10630_37953</setSpec></header><metadata><record xmlns="http://www.loc.gov/MARC21/slim" xmlns:dcterms="http://purl.org/dc/terms/" xmlns:doc="http://www.lyncode.com/xoai" xmlns:xsi="http://www.w3.org/2001/XMLSchema-instance" xsi:schemaLocation="http://www.loc.gov/MARC21/slim http://www.loc.gov/standards/marcxml/schema/MARC21slim.xsd">
   <leader>00925njm 22002777a 4500</leader>
   <datafield ind2=" " ind1=" " tag="042">
      <subfield code="a">dc</subfield>
   </datafield>
   <datafield ind2=" " ind1=" " tag="720">
      <subfield code="a">Hueso-Vasallo, Manuel</subfield>
      <subfield code="e">author</subfield>
   </datafield>
   <datafield ind2=" " ind1=" " tag="260">
      <subfield code="c">2025-07-01</subfield>
   </datafield>
   <datafield ind2=" " ind1=" " tag="520">
      <subfield code="a">This paper addresses the potential relationship between corporality, abjection, and hope in Oscar Wilde’s&#xd;
“Charmides” (1881). The main aim of inspecting this connection is to establish how Wilde makes use of abjection in order to defend the idea that sexual dissidence can, indeed, offer the possibility of hope. In other words, the paper focuses on how Wilde describes abject bodies and abject bodily acts in the poem in a way that ultimately defies the social and moral conventions of his period. It argues that acts that may be considered abject –such as same-sex desire– can be hopeful when addressed from a different perspective. This paper hopes to establish a clear connection between the poem, the abject, and Wilde’s defiance of the sexual mores of his period.</subfield>
   </datafield>
   <datafield ind1="8" ind2=" " tag="024">
      <subfield code="a">Hueso-Vasallo, Manuel. "Corporeal Abjection and Hopefulness in Oscar Wilde's 'Charmides' (1881)." IJES, vol. 25, no. 1, 2025, 99-115</subfield>
   </datafield>
   <datafield ind1="8" ind2=" " tag="024">
      <subfield code="a">https://hdl.handle.net/10630/39300</subfield>
   </datafield>
   <datafield ind1="8" ind2=" " tag="024">
      <subfield code="a">10.6018/ijes.607271</subfield>
   </datafield>
   <datafield tag="653" ind2=" " ind1=" ">
      <subfield code="a">Teoría queer</subfield>
   </datafield>
   <datafield tag="653" ind2=" " ind1=" ">
      <subfield code="a">Poesía inglesa - S. XIX</subfield>
   </datafield>
   <datafield tag="653" ind2=" " ind1=" ">
      <subfield code="a">Wilde, Oscar - Crítica e interpretación</subfield>
   </datafield>
   <datafield ind2="0" ind1="0" tag="245">
      <subfield code="a">Corporeal Abjection and Hopefulness in Oscar Wilde's "Charmides" (1881).</subfield>
   </datafield>
</record>
</metadata></record></GetRecord></OAI-PMH>